|
|
|
|
| LEADER |
01903cas a2200241 a 4500 |
| 001 |
AALejournalIMF017342 |
| 008 |
230101c9999 xx r poo 0 0eng d |
| 020 |
|
|
|c 5.00 USD
|
| 020 |
|
|
|z 9781475566208
|
| 022 |
|
|
|a 1934-7685
|
| 040 |
|
|
|a BD-DhAAL
|c BD-DhAAL
|
| 110 |
2 |
|
|a International Monetary Fund.
|b African Dept.
|
| 245 |
1 |
0 |
|a United Republic of Tanzania :
|b United Republic of Tanzania: Fifth Review Under the Policy Support Instrument-Press Release; Staff Report.
|
| 264 |
|
1 |
|a Washington, D.C. :
|b International Monetary Fund,
|c 2017.
|
| 300 |
|
|
|a 1 online resource (48 pages)
|
| 490 |
1 |
|
|a IMF Staff Country Reports
|
| 500 |
|
|
|a <strong>Off-Campus Access:</strong> No User ID or Password Required
|
| 500 |
|
|
|a <strong>On-Campus Access:</strong> No User ID or Password Required
|
| 506 |
|
|
|a Electronic access restricted to authorized BRAC University faculty, staff and students
|
| 520 |
3 |
|
|a This paper discusses Tanzania's Fifth Review Under the Policy Support Instrument (PSI). Tanzania's macroeconomic performance remains strong. Economic growth was robust during the first half of 2016. Inflation came down below the authorities' target of 5 percent and is expected to remain close to the target, while the external current account deficit was revised down on account of lower imports of capital goods. Nevertheless, there are risks that could adversely affect economic growth going forward, emerging from the currently tight stance of macroeconomic policies, slow implementation of public investment, and private sector uncertainty about the government's new economic strategies. The IMF staff recommends completion of the fifth review under the PSI.
|
| 538 |
|
|
|a Mode of access: Internet
|
| 830 |
|
0 |
|a IMF Staff Country Reports; Country Report ;
|v No. 2017/013
|
| 856 |
4 |
0 |
|z Full text available on IMF
|u http://elibrary.imf.org/view/journals/002/2017/013/002.2017.issue-013-en.xml
|z IMF e-Library
|